00305nam a2200121Ia 4500003000400000008004100004040001600045082001800061100003000079245005800109300001100167490000500178GCL140319s9999 xx 000 0 ara d aGCL / cGCL04a814.02bى م1 aناصيف اليازجى10aمجمع البحرين / cناصيف اليازجى a334 ص a